[Event "AUTO-ADV-4923"]
[Site "http://www.queenalice.com/game.php?id=1870298"]
[Date "2026.3.9"]
[Round "1"]
[White "Carlos19"]
[Black "zubarev"]
[Result "0-1"]
[WhiteElo "1735"]
[BlackElo "1845"]

1. e4 e5 2. Nf3 Nc6 3. Bc4 Be7 4. d3 Nf6 5. Bg5 d6 6. h3 O-O 7. Nc3 Nd4 8. O-O
c5 9. Ne2 Bd7 10. Nexd4 cxd4 11. a4 Qa5 12. Bxf6 Bxf6 13. b3 Qc7 14. Bd5 Bc6 15.
Bxc6 bxc6 16. Qd2 c5 17. g4 Rab8 18. g5 Be7 19. Kh2 f6 20. gxf6 Bxf6 21. Ng5 Qe7
22. f4 exf4 23. Qxf4 Bxg5 24. Qg3 Be3 25. c3 Rxb3 26. cxd4 Bxd4 27. Rab1 Be5 28.
Rxf8+ Qxf8 29. Rxb3 Bxg3+ 30. Kxg3 Qc8 31. a5 Qc7 32. Ra3 c4 33. dxc4 d5+ 34.
Kg4 dxc4 35. a6 c3 36. Ra1 Qd7+ 37. Kg3 Qd2 38. e5 c2 39. e6 c1=Q 40. Rxc1 Qxc1
41. Kh4 g6 42. e7 Qf4# 0-1

[Event "AUTO-ADV-4923"]
[Site "http://www.queenalice.com/game.php?id=1870299"]
[Date "2026.3.9"]
[Round "1"]
[White "zubarev"]
[Black "Carlos19"]
[Result "1-0"]
[WhiteElo "1814"]
[BlackElo "1750"]

1. e4 e5 2. f4 Bd6 3. fxe5 Bxe5 4. Nf3 Bf4 5. d4 Bxc1 6. Qxc1 d5 7. exd5 Qxd5 8.
c3 Nf6 9. Be2 O-O 10. O-O h6 11. Nbd2 Bg4 12. h3 Bxf3 13. Bxf3 Qb5 14. c4 Qa5
15. Bxb7 Qb6 16. Bxa8 Qxd4+ 17. Kh1 c6 18. Nf3 Qc5 19. a3 Nbd7 20. Bb7 Qb6 21.
Bxc6 Qxc6 22. b4 Qc7 23. c5 Nb8 24. Re1 Nc6 25. Qc4 g5 26. Qc3 Nd5 27. Qb2 f5
28. Re6 Kh7 29. Rae1 Nde7 30. Rf6 Rxf6 31. Qxf6 f4 32. Re6 Ng8 33. Qg6+ Kh8 34.
Rxc6 Qd7 35. Qd6 Qg7 36. Rc7 Qa1+ 37. Kh2 Qxa3 38. Qe5+ 1-0

[Event "AUTO-ADV-4912"]
[Site "http://www.queenalice.com/game.php?id=1870606"]
[Date "2026.3.16"]
[Round "2"]
[White "Carlos19"]
[Black "Capixabba789"]
[Result "0-1"]
[WhiteElo "1741"]
[BlackElo "1833"]

1. e4 e5 2. Nf3 d6 3. Bc4 Be7 4. d3 Nf6 5. Nc3 c5 6. Nd5 Nc6 7. Nxe7 Qxe7 8. Ng5
O-O 9. h3 Bd7 10. a3 Nd4 11. c3 Ne6 12. Nxe6 fxe6 13. Bg5 Kh8 14. b4 b5 15. Bb3
Qe8 16. O-O Qg6 17. Qd2 Nh5 18. Be7 Rf7 19. Bxd6 Nf4 20. Qe3 Qxg2# 0-1

[Event "AUTO-ADV-4912"]
[Site "http://www.queenalice.com/game.php?id=1870607"]
[Date "2026.3.16"]
[Round "2"]
[White "Capixabba789"]
[Black "Carlos19"]
[Result "1-0"]
[WhiteElo "1865"]
[BlackElo "1696"]

1. d4 Nf6 2. Nc3 e6 3. f4 Bb4 4. Bd2 d5 5. Nf3 h6 6. e3 Bxc3 7. Bxc3 Nc6 8. Bd3
O-O 9. O-O a5 10. a4 Nb4 11. Bxb4 axb4 12. b3 Ng4 13. Qe1 Qd6 14. Ne5 c6 15. Qg3
Nxe5 16. fxe5 Qc7 17. Rf6 g5 18. Rxh6 f6 19. exf6 Qxg3 20. hxg3 Rf7 21. Rg6+ Kf8
22. Rf1 b6 23. Rxg5 c5 24. Rh5 Ke8 25. Bg6 cxd4 26. Rh8+ Kd7 27. Bxf7 Kd6 28.
Bg8 Bb7 29. f7 Rf8 30. exd4 Ba6 31. Rf6 Be2 32. Rhh6 Bg4 33. Kf2 Ke7 34. Rh4 Bd1
35. Rf3 Bxf3 36. gxf3 Kf6 37. Ke2 Kg7 38. Kd3 Kf6 39. f4 Kf5 40. Ke3 Kg6 41. g4
Rc8 42. g5 Rc3+ 43. Kd2 Rc8 44. Rh6+ Kg7 45. Rxe6 Rc3 46. Re8 Rf3 47. f8=Q+ 1-0

[Event "AUTO-ADV-4912"]
[Site "http://www.queenalice.com/game.php?id=1870608"]
[Date "2026.3.16"]
[Round "2"]
[White "Carlos19"]
[Black "Shizumaru_Hisame"]
[Result "0-1"]
[WhiteElo "1704"]
[BlackElo "1906"]

1. e4 d5 2. e5 d4 3. d3 Bd7 4. Nf3 Bb5 5. a4 Ba6 6. b4 b6 7. b5 Bb7 8. Na3 e6 9.
Nc4 Bc5 10. Ba3 Nd7 11. a5 Ne7 12. a6 Bd5 13. Bxc5 Nxc5 14. h4 Qd7 15. Qb1 O-O-O
16. Ng5 Rdf8 17. f4 f6 18. exf6 Rxf6 19. Ne5 Qe8 20. Qb4 Rxf4 21. O-O-O Qh5 22.
g3 Bxh1 23. Bh3 Nd5 24. Qc4 Ne3 25. Qa2 Qxd1+ 26. Kb2 Qxc2+ 27. Ka3 Qc1+ 28. Kb4
Qc3# 0-1

[Event "AUTO-ADV-4912"]
[Site "http://www.queenalice.com/game.php?id=1870609"]
[Date "2026.3.16"]
[Round "2"]
[White "Shizumaru_Hisame"]
[Black "Carlos19"]
[Result "1-0"]
[WhiteElo "1942"]
[BlackElo "1735"]

1. d4 e6 2. e4 d5 3. exd5 Qxd5 4. a3 Nc6 5. Nf3 Nf6 6. b3 a5 7. Bc4 Qe4+ 8. Be2
b6 9. O-O Ba6 10. c4 O-O-O 11. Be3 Ng4 12. Ng5 Nxe3 13. Nxe4 Nxd1 14. Ng5 Rd7
15. Rxd1 Nxd4 16. Re1 Nc2 17. Nc3 Nxa1 18. Rxa1 h6 19. Nh3 g5 20. Ne4 c6 21. Nf6
Rd2 22. Bf3 Rb2 23. Bxc6 Bxa3 24. Ba4 Rd8 25. g3 Rbd2 26. Rxa3 Rd1+ 27. Kg2 Bb7+
28. f3 R1d2+ 29. Nf2 R8d3 30. Ra1 Bxf3+ 31. Kg1 Rc3 32. N6e4 Rcd3 33. Nxd3 Rg2+
34. Kf1 Bxe4 35. Nf2 Rxh2 36. Be8 f6 37. Ke2 f5 38. Ke3 Rg2 39. Nxe4 fxe4 40.
Kxe4 Rxg3 41. Rh1 Rxb3 42. Rxh6 g4 43. Bh5 g3 44. Bf3 Kd7 45. Rg6 Rb4 46. Kd3
Rb3+ 47. Ke4 a4 48. Bd1 Ra3 49. Kd4 Rf3 50. Bxf3 a3 51. Rxg3 a2 52. Rg1 Kd6 53.
Ra1 e5+ 54. Kd3 Kc5 55. Rxa2 Kb4 56. Ra6 Kc5 57. Kc3 Kd6 58. Rxb6+ Kc7 59. c5
Kc8 60. c6 Kc7 61. Rb7+ Kc8 62. c7 Kd7 63. Bg4+ 1-0

[Event "Challenge"]
[Site "http://www.queenalice.com/game.php?id=1870699"]
[Date "2026.3.19"]
[Round "-"]
[White "Carlos19"]
[Black "jogo"]
[Result "1-0"]
[WhiteElo "1670"]
[BlackElo "1572"]

1. e4 c5 2. Bc4 e6 3. Nf3 d5 4. exd5 exd5 5. Bb5+ Bd7 6. Bxd7+ Nxd7 7. O-O Ngf6
8. h3 Be7 9. Re1 O-O 10. d4 cxd4 11. Nxd4 Bc5 12. c3 1-0

[Event "AUTO-OPEN-4601"]
[Site "http://www.queenalice.com/game.php?id=1871317"]
[Date "2026.4.2"]
[Round "2"]
[White "chessman"]
[Black "Carlos19"]
[Result "1-0"]
[WhiteElo "1976"]
[BlackElo "1742"]

1. e4 e5 2. Nf3 Nc6 3. Bb5 Bd6 4. O-O a6 5. Ba4 Nf6 6. d4 Nxe4 7. dxe5 Bxe5 8.
Nxe5 Nxe5 9. Qd5 f6 10. Qxe4 c6 11. f4 d5 12. Qe2 Bg4 13. Qe3 Qd6 14. fxe5 fxe5
15. Bb3 O-O-O 16. Bd2 e4 17. Qa7 Rhf8 18. Nc3 Rxf1+ 19. Rxf1 Rd7 20. Qa8+ Kc7
21. Bf4 1-0

[Event "AUTO-OPEN-4601"]
[Site "http://www.queenalice.com/game.php?id=1871318"]
[Date "2026.4.2"]
[Round "2"]
[White "Carlos19"]
[Black "chessman"]
[Result "1-0"]
[WhiteElo "1725"]
[BlackElo "2020"]

1. e4 e6 2. Bc4 d5 3. Bd3 dxe4 4. Bxe4 Nf6 5. Nc3 Nxe4 6. Nxe4 Nd7 7. Nf3 Nf6 8.
d3 Nxe4 9. dxe4 Qxd1+ 10. Kxd1 Be7 11. Bg5 O-O 12. Bxe7 1-0

[Event "Challenge"]
[Site "http://www.queenalice.com/game.php?id=1871618"]
[Date "2026.4.8"]
[Round "-"]
[White "jogo"]
[Black "Carlos19"]
[Result "0-1"]
[WhiteElo "1477"]
[BlackElo "1753"]

1. e4 e5 2. Nf3 Nc6 3. Bb5 h6 4. O-O Nf6 5. d3 a6 6. Bxc6 bxc6 7. Nxe5 Bd6 8.
Nf3 Nh7 9. e5 Be7 10. Re1 O-O 11. a3 c5 12. Nc3 Bb7 0-1

[Event "Challenge"]
[Site "http://www.queenalice.com/game.php?id=1871619"]
[Date "2026.4.8"]
[Round "-"]
[White "Carlos19"]
[Black "jogo"]
[Result "1-0"]
[WhiteElo "1720"]
[BlackElo "1484"]

1. e4 c5 2. Bc4 e6 3. d3 d5 4. Bb5+ Bd7 5. Bxd7+ Nxd7 6. exd5 exd5 7. Nf3 Qe7+
8. Kf1 h6 9. Qe1 Qxe1+ 10. Nxe1 Ngf6 11. Nc3 1-0

[Event "Challenge"]
[Site "http://www.queenalice.com/game.php?id=1871753"]
[Date "2026.4.9"]
[Round "-"]
[White "jogo"]
[Black "Carlos19"]
[Result "0-1"]
[WhiteElo "1472"]
[BlackElo "1758"]

1. e4 e5 2. Nf3 Nc6 3. Bb5 Bd6 4. c3 a6 5. Ba4 b5 6. Bc2 Nf6 7. d3 b4 8. O-O
bxc3 9. Nxc3 h6 10. a3 O-O 11. Re1 a5 12. h3 Ba6 0-1

[Event "Challenge"]
[Site "http://www.queenalice.com/game.php?id=1871754"]
[Date "2026.4.9"]
[Round "-"]
[White "Carlos19"]
[Black "jogo"]
[Result "1-0"]
[WhiteElo "1766"]
[BlackElo "1435"]

1. e4 c5 2. Bc4 e6 3. Nf3 d5 4. Bb5+ Bd7 5. Bxd7+ Nxd7 6. exd5 exd5 7. O-O Ngf6
8. Re1+ Be7 9. d4 cxd4 10. Nxd4 O-O 11. Nf5 Bc5 12. Bg5 1-0

[Event "AUTO-ADV-4931"]
[Site "http://www.queenalice.com/game.php?id=1872129"]
[Date "2026.4.17"]
[Round "1"]
[White "rviana"]
[Black "Carlos19"]
[Result "1-0"]
[WhiteElo "1981"]
[BlackElo "1767"]

1. b3 e5 2. Bb2 Nc6 3. e4 Nf6 4. Nf3 Bd6 5. Bb5 h6 6. O-O Nxe4 7. Re1 Ng5 8.
Nxe5 Nxe5 9. Bxe5 Bxe5 10. Rxe5+ Ne6 11. d4 c6 12. Bd3 O-O 13. c3 d5 14. Nd2 Nf4
15. Bf1 f6 16. Re1 Bf5 17. Nf3 Re8 18. Qd2 g5 19. g3 Nh3+ 20. Bxh3 Bxh3 21. Re3
Bg4 22. Kg2 Rxe3 23. Qxe3 Qd7 24. Re1 Re8 25. Qxe8+ Qxe8 26. Rxe8+ Kf7 27. Rb8
b6 28. Rb7+ Ke6 29. Rxa7 Kd6 30. Rh7 h5 31. h3 Bxh3+ 32. Kxh3 g4+ 33. Kg2 gxf3+
34. Kxf3 c5 35. dxc5+ Kxc5 36. Rxh5 b5 37. Ke3 b4 38. cxb4+ Kxb4 39. Rxd5 Ka3
40. g4 Kxa2 41. b4 1-0

[Event "AUTO-ADV-4931"]
[Site "http://www.queenalice.com/game.php?id=1872130"]
[Date "2026.4.17"]
[Round "1"]
[White "Carlos19"]
[Black "rviana"]
[Result "0-1"]
[WhiteElo "1760"]
[BlackElo "1988"]

1. e4 Nf6 2. Nc3 e5 3. Nf3 Nc6 4. Bc4 Be7 5. d3 O-O 6. h3 d6 7. Nd5 Nxd5 8. Bxd5
Be6 9. Bxe6 fxe6 10. O-O Nd4 11. Nxd4 exd4 12. Qg4 e5 13. Bh6 Bf6 14. h4 Qe7 15.
f4 Bxh4 16. f5 Bf6 17. Rf3 Kh8 18. Bd2 Qf7 19. Rh3 h5 20. Rxh5+ Kg8 21. Qh3 Qe8
22. Rh8+ Kf7 23. Qh5+ Ke7 24. Qxe8+ Raxe8 25. Rxf8 Rxf8 26. c3 c5 27. c4 b5 28.
cxb5 d5 29. exd5 Kd6 30. g4 Kxd5 31. b4 c4 32. dxc4+ Kxc4 33. a4 e4 34. Rc1+ Kd3
35. Bf4 Rf7 36. a5 e3 37. Bg3 Kd2 38. Re1 d3 39. Ra1 Bxa1 40. Bb8 e2 41. Bg3
e1=Q+ 42. Bxe1+ Kxe1 43. b6 axb6 44. axb6 d2 45. g5 d1=Q 0-1

[Event "AUTO-ADV-4932"]
[Site "http://www.queenalice.com/game.php?id=1872377"]
[Date "2026.4.24"]
[Round "1"]
[White "Carlos19"]
[Black "zubarev"]
[Result "0-1"]
[WhiteElo "1769"]
[BlackElo "1971"]

1. e4 e5 2. Nf3 Nc6 3. Bc4 d6 4. d3 Be7 5. Nc3 Nf6 6. Nd5 O-O 7. Bg5 Nxd5 8.
Bxe7 Ndxe7 9. a3 Kh8 10. O-O f5 11. exf5 Bxf5 12. Ng5 Qe8 13. h3 Qg6 14. h4 h6
15. Nf3 Bg4 16. Bb5 Bxf3 17. g3 Bxd1 18. Raxd1 Nd4 19. Bc4 Qg4 20. Kg2 Qf3+ 21.
Kh3 Nef5 22. Rc1 Ne2 23. Kh2 Nxc1 24. Rxc1 Qxf2+ 25. Kh3 Qxg3# 0-1